000 01080cam a2200313 a 4500
001 2784
005 20240115120938.0
020 _a068985272X (hardcover)
020 _a9780439831543
040 _aDLC
_cDLC
_dDLC
_beng
050 0 0 _aPZ7.K2518
_bEs 2003
082 0 0 _a813
_221
100 1 _aKehret, Peg
245 1 0 _aEscaping the giant wave /
_cPeg Kehret
250 _aFirst Scholastic printing, October 2005
260 _aNew York :
_bScholastic,
_c2003
300 _a151 pages ;
_c20 cm
505 _aM
520 _aWhen an earthquake creates a tsunami while thirteen-year-old Kyle is babysitting his sister during a family vacation at a Pacific Coast resort, he tries to save himself, his sister, and a boy who has bullied him for years.
521 _a750
_bLexile
521 _aM
_bRaz-Plus
650 1 _aTsunamis
_vFiction.
650 1 _aEarthquakes
_vFiction.
650 1 _aNatural disasters
_vFiction.
650 1 _aSiblings
_vFiction.
650 1 _aBullies and bullying
_vFiction.
906 _a7
_bcbc
_corignew
_d1
_eecip
_f20
_gy-gencatlg
942 _2ddc
_cBK
_n0
999 _c2784
_d2784